000 01205cam a2200349 4500
999 _c23555
_d23555
001 vtls011974033
005 20230822071726.0
008 210906s2020 xo gr 010 f slo
020 _a9788022022118
_q(viazané)
035 _aurn:nbn:sk:snk-am00fifg
035 _aurn:nbn:sk:snk-am3iuq0
035 _a354A127C-FD19-4878-A820-5EB292EFCCB2
040 _aSVKBB
_bslo
_cSVKBB
_dSNK
_erda
041 1 _aslo
_heng
044 _axo
_cSK
072 7 _a821.111-3
_xAnglická próza, anglicky písaná
_2konspekt
080 _a821.111(94)-31
_22011
100 1 _aMcKinley, Tamara,
_d1948-
_4aut
_93884
240 1 4 _aThe Windflowers
_lSlovensky
245 1 0 _aDcéry vetra
_cTamara McKinley ; z anglického originálu The Windflowers ... preložila Marta Gergelyová
264 1 _aBratislava
_bSlovenský spisovateľ, a.s.
_c2020
300 _a366 strán
_c21 cm
336 _atext
_btxt
_2rdacontent
337 _abez média
_bn
_2rdamedia
338 _azväzok
_bnc
_2rdacarrier
500 _aPreložené z angličtiny
655 7 _aaustrálske romány
_2SNKPH
_91684
655 7 _aAustralian fiction
_2SNKPHeng
_91685
700 1 _aGergelyová, Marta,
_d1966-
_4trl
_91899
958 _aLX
958 _aUP